Представление документа в формате MARC21

ПолеНазваниеЗначение
  Тип записи a
  Библиографический уровень m
001 Контрольный номер RU\infra-m\znanium\bibl\2235771
005 Дата корректировки 20260429142132.8
008 Кодируемые данные 260120s2025 RU g rus u
020 Индекс ISBN __
a ISBN 978-5-9614-7347-6
040 Источник каталогиз. __
a Служба первич. каталог. Общество с ограниченной ответственностью «ЗНАНИУМ»
041 Код языка издания __
a Код языка текста rus
044 Код страны публикации __
a Код страны публикации RU
080 Индекс УДК __
a Индекс УДК 15
084 Индекс другой классификации/Индекс ББК __
2 Источник индекса rubbk
a Индекс другой классификации/Индекс ББК 885
084 Индекс другой классификации/Индекс ББК __
2 Источник индекса okso
a Индекс другой классификации/Индекс ББК 37.03.01
100 Автор __
a Автор Санд И.
q Полное имя Санд Илсе
245 Заглавие __
a Заглавие Чувство стыда: Как перестать бояться быть неправильно восприняты
b Продолж. заглавия Практическое пособие
250 Сведения об издании __
a Основные сведения об издании 1
260 Выходные данные __
a Место издания Москва
b Издательство ООО "Альпина Паблишер"
c Дата издания 2026
300 Физическое описание __
a Объем 176 с.
520 Аннотация __
a Аннотация Это чувство сидит глубоко в нас о нем не принято распространяться и обсуждать даже с близкими людьми. Все мы иногда совершаем поступки за которые потом становится стыдно. Стыд — сильное и болезненное ощущение внутреннего дискомфорта которое часто возникает необоснованно но способно серьезно испортить жизнь. За ним скрываются другие проблемы: страх заниженная самооценка усталость от общения сложности во взаимоотношениях с близкими нехватка любви и понимания. В своей книге ставшей бестселлером в Дании психотерапевт Илсе Санд рассказывает о стыде всё: как он возникает и как отделить его от прочих эмоций к чему он может привести и как его успокоить. Текст дополняют авторские упражнения и тесты которые помогут избавиться от удушающего чувства почувствовать гармонию с миром вокруг и обрести внутреннюю свободу.
521 Примеч. о цел. назн. __
a Примеч. о целев. назн. Дополнительное образование
650 Тематические рубрики __
a Основная рубрика Психология
x Основная подрубрика Популярная литература по психологии
655 Указ. предметных рубрик (устаревшее) __
a Жанр/ форма (устаревшее) Практическое пособие
856 Электронный адрес документа 4_
a Имя сервера/домена znanium.ru
m Помощь ebs_support@infra-m.ru
n Местонахождение сервера НИЦ ИНФРА-М
u URL https://znanium.ru/catalog/document?id=473791
856 Электронный адрес документа 48
a Имя сервера/домена znanium.ru
d Путь /cover/2235
f Электронное имя 2235771.jpg
q Тип электронного формата image/jpeg
u URL https://znanium.ru/cover/2235/2235771.jpg
911 __
u 0030=https://znanium.ru/catalog/document?id=473791